| 000 | 00782cam a2200205 a 4500 | ||
|---|---|---|---|
| 020 | _a0830641122 (hard) | ||
| 020 | _a0830641130 (pbk.) : | ||
| 082 | 0 | 0 |
_a004 _bRIC _cDon |
| 100 | 1 |
_aRichardson, Ronny. _936553 |
|
| 245 | 1 | 0 |
_aDr. Batch File's ultimate collection / _cRonny Richardson. |
| 250 | _a1st ed. | ||
| 260 |
_aBlue Ridge Summit, PA : _bWindcrest/McGraw-Hill, _cc1993. |
||
| 300 |
_axix, 406 p. ; _c24 cm. + _e1 computer disk (3 1/2 in.) |
||
| 500 | _aIncludes index. | ||
| 500 | _aSystem requirements for computer disk: IBM PC or compatible; DOS (3.3 or higher recommended). | ||
| 526 |
_a0 _b0 _c0 _d004_000000000000000_RIC |
||
| 650 | 0 |
_aElectronic data processing _xBatch processing. _936554 |
|
| 650 | 0 |
_aFile organization (Computer science) _936555 |
|
| 942 |
_2ddc _cBK |
||
| 999 |
_c541585 _d541585 |
||